| 000 | 00456cam a2200181ua 4500 | ||
|---|---|---|---|
| 020 | _c8.75 | ||
| 041 |
_aeng _h |
||
| 082 |
_a516 _bRUS/ES |
||
| 100 | _aRuusell, Bertrand A W. | ||
| 245 |
_aEssay on the foundations of geometry / _cA W Bertrand Russel. _hTextual Documents |
||
| 250 |
_a1 / _b. |
||
| 260 |
_aNew York : _bDover Publications , _c1956. |
||
| 300 | _a201 ; . | ||
| 365 | _a8.75 | ||
| 504 | _a | ||
| 942 | _cBK | ||
| 999 |
_c2897 _d2897 |
||